000 00252nam a2200097Ia 4500
001 640163
005 20250826153442.0
008 250824s9999 xx 000 0 und d
245 0 _a1 Okulda İlk Gün Sürprizi
_c Kate McMullan
260 _bBEYAZ BALİNA
999 _c640163
_d640163